000
00325nam a2200133Ia 4500
008
231129s1980||||xx |||||||||||||| ||spa||
040
_b
spa
082
_a
Co860.8 B582
100
_a
Biblioteca Publica Piloto. Taller de Escritores.
245
0
_a
Trabajo de taller
260
_c
1980
264
_a
Lealon
942
_2
ddc
_c
BKS
999
_c
25532
_d
25532